The Debut: Dream Academy - ANTIFRAGILE (LESSERAFIM) English Lyrics - Statistics

General Stats
  • This quiz has been taken 35 times
  • The average score is 214 of 344
Answer Stats
Hint Answer % Correct
Yoonchae/Samara A
100%
a
100%
All Anti
100%
fragile,
93%
fragile
93%
I
93%
ti
93%
me
90%
me,
90%
me)
90%
to
90%
You
90%
you
90%
Antifragile,
87%
antifragile
87%
be
87%
My
87%
my
87%
up
87%
the
80%
boost
77%
I'm
77%
Emily/Megan (I'm
77%
it
77%
it,
77%
hell,
73%
like
73%
lion
73%
louder
73%
ridin'
73%
symphony
73%
desire
70%
Give
70%
journey
70%
we
70%
Emily/Megan | Sophia/Karlee We
70%
with
70%
for
67%
shoes
67%
through)
67%
Yeah,
67%
Baby,
63%
baby
63%
baby)
63%
eyes
63%
go
63%
shining
63%
your
63%
are
60%
coming
60%
Emily/Megan Don't
60%
lies
60%
made
60%
risin'
60%
Singing
60%
that
60%
about
57%
chit-chat
57%
making
57%
(Na
57%
na
57%
na,
57%
on
57%
rivals
57%
everywhere
53%
forget
53%
I'll
53%
know
53%
rumble
53%
sacrifice
53%
(Ah
50%
ah
50%
ah)
50%
ashes
50%
fire
50%
from
50%
got
50%
in
50%
no,
50%
old
50%
ready
50%
ride
50%
crumble
47%
gasoline
47%
pray
47%
They
47%
forgot,
43%
of
43%
pointe
43%
'til
43%
underestimate
43%
die,
40%
die
40%
past
40%
been
37%
Lara/Iliya Case
37%
Hands
37%
oh
37%
oh)
37%
some
37%
way
37%
air,
33%
Sophia/Karlee Behind
33%
hearing
33%
need
33%
Emily/Megan | Yoonchae/Samara Top
33%
world,
33%
behave
30%
not
30%
tape,
30%
won't
30%
All
27%
Yoonchae/Samara (All
27%
Lara/Iliya Better
27%
caution
27%
break
23%
can
23%
checkmate
23%
moves
23%
queen,
23%
twist
23%
is
20%
lock
20%
Yoonchae/Samara Pour
20%
can't
17%
Lara/Iliya 'Cause
17%
chain
17%
eh)
17%
gonna
17%
gonna,
17%
Now
17%
out,
17%
out
17%
Rock
17%
Yoonchae/Samara (Rock
17%
wave
17%
name,
13%
Yoonchae/Samara (Woah
3%
No matching quizzes found
Score Distribution
Percent of People with Each Score
Percentile by Number Answered
Your Score History
You have not taken this quiz